Borussia Dortmund Squad 25/26 - Statistics

General Stats
  • This quiz has been taken 119 times
  • The average score is 18 of 25
Answer Stats
# Nation Former Club Answer % Correct
1 Switzerland Stuttgart Gregor Kobel
99%
9 Guinea Stuttgart Serhou Guirassy
96%
7 England Sunderland Jobe Bellingham
90%
10 Germany Leverkusen Julian Brandt
90%
4 Germany Freiburg Nico Schlotterbeck
89%
23 Germany Juventus Emre Can
84%
5 Algeria Gladbach Ramy Bensebaini
83%
20 Austria Bayern Marcel Sabitzer
81%
3 Germany Stuttgart Waldemar Anton
81%
2 Brazil Man City Yan Couto
81%
25 Germany Bayern Niklas Sule
79%
13 Germany Brighton Pascal Gross
79%
6 Turkey FC Koln Salih Ozcan
79%
27 Germany RB Salzburg Karim Adeyemi
78%
8 Germany Wolfsburg Felix Nmecha
77%
26 Norway Union Berlin Julian Ryerson
77%
14 Germany Hoffenheim Maximilian Beier
77%
24 Sweden Nordsjaelland Daniel Svensson
69%
21 Portugal Wolves Fabio Silva
63%
17 England Chelsea Carney Chukwuemeka
59%
16 Belgium Anderlecht Julien Duranville
57%
28 Argentina Chelsea Aaron Anselmino
47%
33 Germany Jahn Regensburg Alexander Meyer
38%
37 USA Breidablik Cole Campbell
33%
30 Germany Bochum Patrick Drewes
22%
No matching quizzes found
Score Distribution
Percent of People with Each Score
Percentile by Number Answered
Your Score History
You have not taken this quiz